Década de 2000 no Brasil - Statistics

Estatísticas Gerais
  • Esse quiz foi jogado 216 vezes
  • A pontuação média é 11 de 16
Estatísticas das Respostas
Dica Resposta % Correto
Partido de Lula, 35° Presidente do Brasil (2003-2010) PT
100%
Partido de FHC, 34° Presidente do Brasil (1995-2002) PSDB
91%
Qual cantora "levantou poeira" durante as Olimpíadas de 2004? Ivete Sangalo
89%
Qual programa de televisão possuía dançarinas conhecidas como "Panicats"? Pânico na TV
85%
De qual filme vem a fala "pede pra sair"? Tropa de Elite
82%
Qual jogador brasileiro foi o artilheiro da Copa de 2002? Ronaldo Fenômeno
78%
Qual futura atriz da Rede Globo foi revelada ao participar da quinta edição do Big Brother Brasil? Grazi Massafera
75%
Qual o nome do escândalo de compra de votos marcou o primeiro mandato de Lula? Mensalão
75%
Qual o nome do trio formado por Marisa Monte, Carlinhos Brown e Arnaldo Antunes, conhecido pela canção Velha Infância? Tribalistas
70%
Qual técnico de vôlei, conhecido por seu estresse durante as partidas, foi responsável por trazer grande número de títulos para o país no esporte? Bernardinho
67%
Qual música da banda Rouge foi alvo de teorias da conspiração, que diziam que ela supostamente seria satânica? Ragatanga
66%
Em qual filme Fernanda Montenegro interpreta Nossa Senhora Aparecida? Auto da Compadecida
61%
Qual ator fazia o papel de Leandro, o homem clonado da novela "O Clone"? Murilo Benício
57%
Que cantora estava aqui o tempo todo, só você não viu? Pitty
54%
Qual personagem de Malhação era dono do "ogromóvel"? Cabeção
49%
Em qual novela havia uma dupla sertaneja conhecida pela canção "Beijinho Doce"? A Favorita
41%
Nenhum quiz correspondente encontrado
Distribuição das Pontuações
Porcentagem de Pessoas com Cada Pontuação
Percentil de Números Respondidos
Sua Pontuação Histórica
Você não jogou esse quiz